000 00558nam a2200205Ia 4500
005 20260429112108.0
008 260429s9999||||xx |||||||||||||| ||und||
020 _a9781319247171
041 _aEnglish
082 _a570.72
_bLEW
100 _aJr. Lewandowski, Gary W.
245 0 _aStatistics for research and life /
_cGary W. Jr. Lewandowski
250 _a1st ed.
260 _aNew York :
_bWorth Publishers,
_c2024.
300 _axxvii, 678 p.; pbk
650 _a Research
650 _aStatistics
700 _a Mclntyre, Kevin P.
942 _cTB
999 _c52329
_d52329